[Event "KUW-ch"]
[Site "Kuwait City"]
[Date "2024.02.01"]
[Round "9"]
[White "Alhejab, Meshal"]
[Black "Alabdaljader, Mohammed"]
[Result "1/2-1/2"]
[WhiteElo "1787"]
[BlackElo "1353"]
[PlyCount "80"]
[EventDate "2024.01.22"]
[EventType "swiss"]
[EventRounds "9"]
[EventCountry "KUW"]
[SourceTitle "CB07_2024"]
[SourceDate "2024.02.14"]
[SourceVersion "1"]
[SourceVersionDate "2024.02.14"]
[SourceQuality "1"]

1. e4 e5 2. Nf3 Nc6 3. Bb5 a6 4. Ba4 d6 5. d4 Bd7 6. 0-0 Nge7 7. c3 Ng6 8. Be3 Be7 9. Nbd2 h6 10. Re1 Bg5 11. Nf1 Qf6 12. Ng3 Nf4 13. Bxf4 Bxf4 14. Nh5 Qg6 15. Nh4 Qg5 16. Nf5 g6 17. h4 Qd8 18. Nxf4 exf4 19. d5 Ne5 20. Bxd7+ Kxd7 21. Nd4 Qxh4 22. Nf3 Qe7 23. Nxe5+ Qxe5 24. Qg4+ Ke8 25. g3 g5 26. gxf4 gxf4 27. f3 Ke7 28. Kf2 Rhg8 29. Qh4+ Qg5 30. Rh1 Qxh4+ 31. Rxh4 Rg6 32. Rah1 Rag8 33. R1h2 Rg1 34. Rxf4 Ra1 35. a3 Rgg1 36. Rxh6 Rgb1 37. Rh7 Rxb2+ 38. Ke3 Re1+ 39. Kd3 Rd1+ 40. Ke3 Re1+ 1/2-1/2